| 000 | 00612nam a2200217Ia 4500 | ||
|---|---|---|---|
| 003 | OSt | ||
| 005 | 20230318100702.0 | ||
| 008 | 210423s2007 xx 000 0 und d | ||
| 020 | _a9788173195662 | ||
| 040 | _cAL | ||
| 041 | _aeng | ||
| 082 |
_a543.0858 _223 _b JAIV |
||
| 100 |
_aJAIN (Vimal Kumar). _949119 |
||
| 245 | _aIntroduction to atomic and molecular spectroscopy. | ||
| 260 |
_aNew Delhi _bNarosa Publishing House _c2007 |
||
| 300 |
_axiii,16.61,I8 _bPB |
||
| 365 |
_b320 _cINR |
||
| 650 |
_aSpectroscopy _949120 |
||
| 906 | _aatomic ; Introduction ; molecular ; spectroscopy. | ||
| 942 |
_2ddc _cBK |
||
| 999 |
_c153771 _d153771 |
||